Beethoven zongoraszonátái
Elmentve itt :
| Szerző: | |
|---|---|
| Testületi szerző: | |
| További közreműködők: | |
| Dokumentumtípus: | Könyv része |
| Megjelent: |
2021
|
| Sorozat: | A Juhász Gyula Pedagógusképző Kar Ének-Zene Tanszékének kiadványai
"Beethoven 250" : tanulmánykötet : [2020. október 5-6., online konferencia] Nemzetközi Zenei Konferencia |
| Kulcsszavak: | Zeneszerzés - német - 18-19. sz., Zeneművészet - német - 18-19. sz. |
| Tárgyszavak: | |
| Online Access: | http://acta.bibl.u-szeged.hu/74358 |
| LEADER | 01056naa a2200253 i 4500 | ||
|---|---|---|---|
| 001 | acta74358 | ||
| 005 | 20260312140932.0 | ||
| 008 | 220221s2021 hu o 100 hun d | ||
| 020 | |a 978-963-315-456-4 | ||
| 040 | |a SZTE Egyetemi Kiadványok Repozitórium |b hun | ||
| 041 | |a hun | ||
| 100 | 1 | |a Maczelka Noémi | |
| 245 | 1 | 0 | |a Beethoven zongoraszonátái |h [elektronikus dokumentum] / |c Maczelka Noémi |
| 260 | |c 2021 | ||
| 300 | |a 63-68 | ||
| 490 | 0 | |a A Juhász Gyula Pedagógusképző Kar Ének-Zene Tanszékének kiadványai | |
| 490 | 0 | |a "Beethoven 250" : tanulmánykötet : [2020. október 5-6., online konferencia] | |
| 490 | 0 | |a Nemzetközi Zenei Konferencia | |
| 650 | 4 | |a Bölcsészettudományok | |
| 650 | 4 | |a Művészetek (művészetek, művészettörténet, előadóművészetek, zene) | |
| 695 | |a Zeneszerzés - német - 18-19. sz., Zeneművészet - német - 18-19. sz. | ||
| 700 | 0 | 1 | |a Beethoven Ludwig van |
| 710 | |a Beethoven 250 (21.) (2020) | ||
| 856 | 4 | 0 | |u http://acta.bibl.u-szeged.hu/74358/1/enek_zene_tanszek_2021_063-068.pdf |z Dokumentum-elérés |